The ABC of psychology
Αποθηκεύτηκε σε:
| Άλλοι συγγραφείς: | , , , , |
|---|---|
| Μορφή: | Βιβλίο |
| Γλώσσα: | English |
| Δημοσίευση: |
Great Britain :
Pelican Books,
1982
|
| Θέματα: | |
| Ετικέτες: |
Προσθήκη ετικέτας
Δεν υπάρχουν, Καταχωρήστε ετικέτα πρώτοι!
|
MARC
| LEADER | 00000nam a2200000 i 4500 | ||
|---|---|---|---|
| 001 | 1/51541 | ||
| 008 | 980310s1982 eng d | ||
| 020 | |a 0-14-02-2366-5 | ||
| 035 | |l 10027190 | ||
| 040 | |a GR-MY-UA |b gre |e aacr | ||
| 041 | 0 | |a eng | |
| 082 | 0 | |a Π 150.3 | |
| 245 | 1 | 4 | |a The ABC of psychology / |c editors: Leonard Kristal,...[et al] |
| 260 | |a Great Britain : |b Pelican Books, |c 1982 | ||
| 300 | |a 254 p. | ||
| 650 | 0 | 0 | |a Psychology |x Dictionaries. |
| 700 | 1 | |a Kristal, Leonard. |4 edt | |
| 700 | 1 | |a Argyle, Michael. |4 edt | |
| 700 | 1 | |a Davison, Gerald C. | |
| 700 | 1 | |a Eysenck, H. J. |q (Hans Jurgen) |d 1916-1997. |4 edt | |
| 700 | 1 | |a Spielberger, Charles Donald |d 1927- |4 edt | |
| 852 | |a INST |b CHIOS |e 19980310 |h 150.3 ABC |p 005200009761 |q 005200009761 |t REF |y 23 | ||
| 901 | |a BIBL-1997-3 | ||
| 909 | |a Χ |b 001454 | ||